Normal view
MARC view
- الأردن، دائرة المكتبة الوطنية
Entry Personal Name
001 - CONTROL NUMBER
- control field: 47410
003 - CONTROL NUMBER IDENTIFIER
- control field: JO-AjAnu
005 - DATE AND TIME OF LATEST TRANSACTION
- control field: 20230606081828.0
008 - FIXED-LENGTH DATA ELEMENTS
- fixed length control field: 230606|| aca||aabn | a|a d
040 ## - CATALOGING SOURCE
- Original cataloging agency: JO-AjAnu
- Transcribing agency: JO-AjAnu
100 ## - HEADING--PERSONAL NAME
- Personal name: الأردن، دائرة المكتبة الوطنية
670 ## - SOURCE DATA FOUND
- Source citation: Work cat.: (JO-AjAnu)24263: الأردن، دائرة المكتبة الوطنية, author, الببليوغرافيا الوطنية الأردنية: السجل السنوي للنتاج الفكري في المملكة الأردنية الهاشمية لعام 2012 = The jordanian National Bibliography : The Annual Regisited Of Jordanian Books Legally Deposited Of the National Library in 2012